02092njm a2200385Ia 450000100060000000300090000600500170001500800410003204000130007304000130008610000110009910000180011010000380012824500310016625000110019726000110020826000320021930000100025130000290026150000780029050502790036865000550064770000590070270000510076170000860081270001250089870000760102370000820109970001090118170000770129070000810136770000900144870000910153870000770162924652IT-RoPAU20220918181112.0131025s9999 xx 000 0 und d aIT-RoPAU cIT-RoPAU aAA.VV. eAutore musica gCodice autore musica SPICS: 12000 aClassics Up To Date vol. 3 a1a ed. aITALIA bPOLYDORc1975 [1a Ed.:1975] aDISCO c47 minuti (Testo: pag.) aMusica strumentale. Arrangiamento di celebri brani classici e strumentali aMattinata (4:00) - Fantasia improvviso op 66 (4:00) - Orientale (4:00) - Sorpresa (5:00) - Studio op 10 n 3 tristezza (5:00) - Musica per i fuochi d'artificio (6:00) - Sogno (5:00) - Sogno d'amore (3:00) - La canzone di Solveig (6:00) - Marcia slava (7:00) - Cavatina (4:00) aARRANGIAMENTO [DISCHI]eCodice MATERIA SPICS: 9950 aLast JameseInterpretegCodice interprete SPICS: 10976 aLast JamesgCodice autore SPICS: 10976eAutore aLeoncavallo RuggierogCodice autore musica SPICS: 11470eAutore musicapMattinata aChopin FryderykgCodice autore musica SPICS: 8056eAutore musicapFantasia improvviso op 66 - Studio op 10 n 3 tristezza aCui CesaregCodice autore musica SPICS: 15711eAutore musicapOrientale aHaydn Franz JosephgCodice autore musica SPICS: 5572eAutore musicapSorpresa aHandel Georg FriedrichgCodice autore musica SPICS: 5619eAutore musicapMusica per i fuochi d'artificio aSchumann RobertgCodice autore musica SPICS: 11150eAutore musicapSogno aLiszt FranzgCodice autore musica SPICS: 10789eAutore musicapSogno d'amore aGrieg EdwardgCodice autore musica SPICS: 10671eAutore musicapLa canzone di Solveig aCajkovskij Petr LlijchgCodice autore musica SPICS: 10808eAutore musicapMarcia slava aRaff JoachimgCodice autore musica SPICS: 15712eAutore musicapCavatina